<?xml version="1.0" encoding="UTF-8"?>
<record
    xmlns:xsi="http://www.w3.org/2001/XMLSchema-instance"
    xsi:schemaLocation="http://www.loc.gov/MARC21/slim http://www.loc.gov/standards/marcxml/schema/MARC21slim.xsd"
    xmlns="http://www.loc.gov/MARC21/slim">

  <leader>01756nam a2200337 i 4500</leader>
  <controlfield tag="001">1556969</controlfield>
  <controlfield tag="003">CO-MdUADB</controlfield>
  <controlfield tag="005">20240907090042.0</controlfield>
  <controlfield tag="007">ta</controlfield>
  <controlfield tag="008">210427s1971    -us    fr       1   eng d</controlfield>
  <datafield tag="020" ind1=" " ind2=" ">
    <subfield code="a">0807005975</subfield>
  </datafield>
  <datafield tag="035" ind1=" " ind2=" ">
    <subfield code="a">1556969</subfield>
  </datafield>
  <datafield tag="040" ind1=" " ind2=" ">
    <subfield code="a">CO-MdUADB</subfield>
    <subfield code="e">rda</subfield>
    <subfield code="c">CO-MdUADB</subfield>
    <subfield code="b">viaf</subfield>
  </datafield>
  <datafield tag="041" ind1="1" ind2=" ">
    <subfield code="a">eng</subfield>
    <subfield code="h">fre</subfield>
  </datafield>
  <datafield tag="082" ind1="0" ind2="4">
    <subfield code="a">331.0944</subfield>
  </datafield>
  <datafield tag="100" ind1="1" ind2=" ">
    <subfield code="a">Gorz, Andr&#xE9;,</subfield>
    <subfield code="d">1923-2007</subfield>
    <subfield code="e">org</subfield>
    <subfield code="9">312273</subfield>
    <subfield code="0">(isni)0000 0001 2320 7651</subfield>
    <subfield code="0">(viaf)55390802</subfield>
  </datafield>
  <datafield tag="245" ind1="1" ind2="0">
    <subfield code="a">Strategy for Labor :</subfield>
    <subfield code="b">a Radical Proposal /</subfield>
    <subfield code="c">Andr&#xE9; Gorz ; translated from the french by A. Nicolaus and Victoria Ortiz</subfield>
  </datafield>
  <datafield tag="246" ind1="1" ind2="1">
    <subfield code="a">Strat&#xE9;gie Ouvri&#xE8;re et N&#xE9;ocapitalisme</subfield>
  </datafield>
  <datafield tag="250" ind1=" " ind2=" ">
    <subfield code="a">Tercera edici&#xF3;n</subfield>
  </datafield>
  <datafield tag="264" ind1=" " ind2="1">
    <subfield code="a">Boston :</subfield>
    <subfield code="b">Beacon Press,</subfield>
    <subfield code="c">1971</subfield>
  </datafield>
  <datafield tag="300" ind1=" " ind2=" ">
    <subfield code="a">199 p&#xE1;ginas ;</subfield>
    <subfield code="c">21 cm.</subfield>
  </datafield>
  <datafield tag="336" ind1=" " ind2=" ">
    <subfield code="a">texto</subfield>
    <subfield code="b">txt</subfield>
    <subfield code="0">(uri)http://www.rdaregistry.info/termList/RDAContentType/#1020</subfield>
    <subfield code="2">rdacontent</subfield>
  </datafield>
  <datafield tag="337" ind1=" " ind2=" ">
    <subfield code="a">no mediado</subfield>
  </datafield>
  <datafield tag="338" ind1=" " ind2=" ">
    <subfield code="a">volumen</subfield>
    <subfield code="0">(uri)http://www.rdaregistry.info/termList/RDACarrierType/#1049</subfield>
  </datafield>
  <datafield tag="505" ind1=" " ind2=" ">
    <subfield code="g">PART ONE: TOWARD AN AGGRESSIVE STRATEGY --</subfield>
    <subfield code="t">Beyond the Paycheck --</subfield>
    <subfield code="t">The Work Situation --</subfield>
    <subfield code="t">The Purpose of Work --</subfield>
    <subfield code="t">The Reproduction of Labor Power: The Model of Consumption --</subfield>
    <subfield code="t">The Wider Reproduction of Labor Power: The Model of Civilization --</subfield>
    <subfield code="g">PART TWO: THE LABOR MOVEMENT AND THE COMMON MARKET --</subfield>
    <subfield code="t">Europe for the Monopolies --</subfield>
    <subfield code="t">Europe for the Workers --</subfield>
    <subfield code="t">Appendix: French and Italian Trade Unions --</subfield>
  </datafield>
  <datafield tag="650" ind1="1" ind2="7">
    <subfield code="a">Econom&#xED;a</subfield>
    <subfield code="2">armarc</subfield>
    <subfield code="9">934</subfield>
  </datafield>
  <datafield tag="650" ind1="1" ind2="7">
    <subfield code="a">Trabajo y trabajadores</subfield>
    <subfield code="2">lemb</subfield>
    <subfield code="9">29401</subfield>
  </datafield>
  <datafield tag="700" ind1="1" ind2="0">
    <subfield code="a">Nicolaus, Martin A. </subfield>
    <subfield code="4">trl</subfield>
    <subfield code="e">trl</subfield>
    <subfield code="9">804215</subfield>
  </datafield>
  <datafield tag="700" ind1="1" ind2="0">
    <subfield code="a">Ortiz, Victoria,</subfield>
    <subfield code="d">1942-</subfield>
    <subfield code="4">trl</subfield>
    <subfield code="0">(isni)0000 0001 1576 8811</subfield>
    <subfield code="0">(viaf)86559704</subfield>
    <subfield code="e">trl</subfield>
    <subfield code="9">662713</subfield>
  </datafield>
  <datafield tag="942" ind1=" " ind2=" ">
    <subfield code="c">BOOK</subfield>
    <subfield code="2">ddc</subfield>
  </datafield>
  <datafield tag="999" ind1=" " ind2=" ">
    <subfield code="c">824468</subfield>
    <subfield code="d">824468</subfield>
  </datafield>
  <datafield tag="952" ind1=" " ind2=" ">
    <subfield code="0">0</subfield>
    <subfield code="1">0</subfield>
    <subfield code="2">ddc</subfield>
    <subfield code="4">0</subfield>
    <subfield code="5">1</subfield>
    <subfield code="7">0</subfield>
    <subfield code="8">FCGD</subfield>
    <subfield code="a">BC</subfield>
    <subfield code="b">BC</subfield>
    <subfield code="d">2023-08-31</subfield>
    <subfield code="e">Familia Carlos Gaviria D&#xED;az</subfield>
    <subfield code="f">DONA</subfield>
    <subfield code="g">35000.00</subfield>
    <subfield code="l">0</subfield>
    <subfield code="o">CGD 331.0944 G675</subfield>
    <subfield code="p">01104654</subfield>
    <subfield code="r">2023-08-31 00:00:00</subfield>
    <subfield code="w">2023-08-31</subfield>
    <subfield code="y">BOOKI</subfield>
    <subfield code="z">Aut&#xF3;grafos </subfield>
    <subfield code="z"> Fechas </subfield>
    <subfield code="z"> Material agregado</subfield>
  </datafield>
</record>
